000 00236nam a2200097Ia 4500
008 120527s9999 xx 000 0 und d
100 _aBAWDEN,D.LEE.
245 _aRethinking employment policy.
260 _bUrban Institute.
942 _cBK
999 _c24047
_d24047